000 00568nam a2200193Ia 4500
008 131103s9999 xx 000 0 und d
040 _aLoreto College
041 _aEnglish
082 _a808.2/DIE
_bLCLIB/20789
100 _aDietrich, R, F.
245 4 _aThe art of Modern drama
_cDietrich, R, F, William E. Carrenter and Kevin kerrane
260 _aNew York
_bRinehart & Winston
_c1960
300 _a430p..
_c 22 cm.
504 _aInclude index
650 _aLiterature - Drama
700 _aCarrenter, William E.
850 _aLCLIB/808.2/DIE
942 _cBK
999 _c21057
_d71536